| 000 | 00982nam a2200229Ia 4500 | ||
|---|---|---|---|
| 999 |
_c36797 _d36797 |
||
| 001 | 2737 | ||
| 003 | GE_BSU | ||
| 005 | 20190606160639.0 | ||
| 008 | 181216s2012||||ge |||||||||||||| ||geo|| | ||
| 020 | _a9789941200380 | ||
| 040 | _cGE_BSU | ||
| 041 | _ageo | ||
| 080 | _a548.1(075.8) ძ-52 | ||
| 100 |
_aძიგრაშვილი, თეიმურაზ _92235 |
||
| 245 |
_aთეორიული კრისტალოგრაფიის შესავალი : _bსახელმძღვანელო / _cთ. ძიგრაშვილი ; სტუ. |
||
| 264 |
_aთბილისი : _bტექნ. უნ-ტი, _c2012. |
||
| 300 |
_a125 გვ. : _bნახ., ტაბ. ; _c27 სმ. |
||
| 504 | _aბიბლიოგრ.: გვ. 121-123. | ||
| 653 | _aკრისტალოგრაფია | ||
| 710 |
_aსაქრთველოს ტექნიკური უნივერსიტეტი _92236 |
||
| 942 |
_cBK _2udc |
||